000 00552nam a2200157Ia 4500
003 GCL
008 140319s9999 xx 000 0 ara d
040 _aGCL /
_cGCL
082 0 4 _a239.5
_bم ح
100 1 _aمحمد عثمان الخشب
245 1 0 _aحجة الوداع: الحج والعمره كما اداها النبى صلى الله عليه وسلم /
_cمحمد عثمان الخشب
260 _a[S.N] :
_bالمختار الاسلامى للطبع والنشر والتوزيع
490 _a
650 0 4 _aالحج
942 _2ddc
_cBK
999 _c53377
_d53377